[Event "Quebec op"]
[Site "Montreal CAN"]
[Date "2009.07.18"]
[Round "1"]
[White "Sambuev, Bator"]
[Black "Leveille, Francois"]
[Result "1-0"]
[WhiteElo "2491"]
[BlackElo "2261"]
[PlyCount "119"]
[GameId "2160767910155436"]
[EventDate "2009.07.18"]
[EventType "swiss"]
[EventRounds "9"]
[EventCountry "CAN"]
[SourceTitle "CBM 131 Extra"]
[Source "ChessBase"]
[SourceDate "2009.09.03"]
[SourceVersion "2"]
[SourceVersionDate "2009.09.16"]
[SourceQuality "1"]

1. e4 c6 2. d4 d5 3. exd5 cxd5 4. c4 Nf6 5. Nc3 e6 6. Nf3 Be7 7. Bd3 dxc4 8. Bxc4 O-O 9. O-O Nc6 10. a3 b6 11. Re1 Bb7 12. Bg5 Nd5 13. Bxd5 Bxg5 14. Be4 Bf6 15. Qa4 Na5 16. Bxb7 Nxb7 17. Rad1 Qe8 18. Qa6 Qc8 19. Ne4 Nd6 20. Nxf6+ gxf6 21. Qd3 Rd8 22. d5 e5 23. Nxe5 fxe5 24. Qg3+ Kf8 25. Qxe5 Qg4 26. Rd3 Nf5 27. h3 Qg6 28. Rf3 Ng7 29. Qe7+ Kg8 30. Rg3 Qd6 31. Qg5 Qf8 32. Re7 Rd6 33. Qe5 Rad8 34. Rxa7 Rxd5 35. Qc3 Rd1+ 36. Kh2 R1d6 37. Rb7 Rg6 38. Rxg6 hxg6 39. Rxb6 Qe7 40. b4 Nf5 41. a4 Nd4 42. a5 Qe5+ 43. Qg3 Qf5 44. a6 Ne2 45. Qe3 Qc2 46. f4 Qa2 47. a7 Nxf4 48. Qxf4 Qxa7 49. Rc6 Qd4 50. Qxd4 Rxd4 51. b5 Rb4 52. b6 Rb3 53. h4 Kg7 54. g4 Rb2+ 55. Kg3 Rb3+ 56. Kf2 Rb2+ 57. Kf3 Rb3+ 58. Ke4 Rb4+ 59. Kd5 Rxg4 60. Kc5 1-0

[Event "Quebec op"]
[Site "Montreal CAN"]
[Date "2009.07.18"]
[Round "1"]
[White "Thavandiran, Shiyam"]
[Black "Mitkov, Nikola"]
[Result "1/2-1/2"]
[WhiteElo "2291"]
[BlackElo "2526"]
[PlyCount "139"]
[GameId "2160767910155437"]
[EventDate "2009.07.18"]
[EventType "swiss"]
[EventRounds "9"]
[EventCountry "CAN"]
[SourceTitle "CBM 131 Extra"]
[Source "ChessBase"]
[SourceDate "2009.09.03"]
[SourceVersion "2"]
[SourceVersionDate "2009.09.16"]
[SourceQuality "1"]

1. e4 e5 2. a3 Nc6 3. Nc3 Bc5 4. Bc4 d6 5. Na4 Nge7 6. d3 a5 7. Nxc5 dxc5 8. f4 exf4 9. Qh5 Ng6 10. Qxc5 Nd4 11. Bd5 Qh4+ 12. Kf1 Qf6 13. c3 Nc2 14. Ra2 Ne3+ 15. Bxe3 fxe3+ 16. Nf3 c6 17. e5 e2+ 18. Kf2 Qd8 19. Be4 Be6 20. Raa1 a4 21. Rhe1 Ra5 22. Qe3 O-O 23. Rxe2 Bg4 24. d4 f6 25. exf6 Qxf6 26. Kg1 Nf4 27. Rf2 Qh6 28. Re1 Rh5 29. h4 Bxf3 30. Bxf3 Rxh4 31. g3 Rh1+ 32. Bxh1 Nh3+ 33. Kf1 Rxf2+ 34. Qxf2 Nxf2 35. Kxf2 Qf6+ 36. Bf3 Kf8 37. Kg2 Qh6 38. Re2 Qc1 39. d5 cxd5 40. Bxd5 b6 41. Bc6 Qd1 42. Bf3 Qd6 43. Re4 Qd2+ 44. Re2 Qd3 45. Re6 Qb5 46. Re2 g6 47. g4 Kg7 48. Rd2 Kh6 49. Kf2 Kg7 50. Ke1 Qe5+ 51. Kd1 Qe3 52. Be2 Qe4 53. Kc1 h5 54. gxh5 gxh5 55. Bxh5 Qh1+ 56. Bd1 Kf7 57. Rd4 b5 58. Kb1 Qf1 59. Ka2 Ke7 60. Bc2 Qf7+ 61. Kb1 Qf1+ 62. Rd1 Qe2 63. Rd4 Qf1+ 64. Bd1 Qf5+ 65. Kc1 Qg5+ 66. Rd2 Qg1 67. Kb1 Qh1 68. Rd4 Qg1 69. Ka1 Qf1 70. Ka2 1/2-1/2

[Event "Quebec op"]
[Site "Montreal CAN"]
[Date "2009.07.18"]
[Round "1"]
[White "Thorfinnsson, Bjorn"]
[Black "Zherebukh, Yaroslav"]
[Result "0-1"]
[WhiteElo "2395"]
[BlackElo "2541"]
[PlyCount "44"]
[GameId "2160767910155438"]
[EventDate "2009.07.18"]
[EventType "swiss"]
[EventRounds "9"]
[EventCountry "CAN"]
[SourceTitle "CBM 131 Extra"]
[Source "ChessBase"]
[SourceDate "2009.09.03"]
[SourceVersion "2"]
[SourceVersionDate "2009.09.16"]
[SourceQuality "1"]

1. d4 d5 2. c4 c6 3. Nf3 Nf6 4. Nc3 dxc4 5. a4 Bf5 6. e3 e6 7. Bxc4 Bb4 8. O-O Nbd7 9. Qb3 a5 10. Nh4 Bg6 11. f3 Qb6 12. Rd1 Bh5 13. g4 g5 14. Ng2 Bg6 15. e4 h5 16. h3 hxg4 17. hxg4 Rh3 18. Bxg5 Rxf3 19. Nd5 cxd5 20. Qxf3 Nxe4 21. Bb5 Nxg5 22. Qf6 Qxb5 0-1

[Event "Quebec op"]
[Site "Montreal CAN"]
[Date "2009.07.19"]
[Round "2"]
[White "Arngrimsson, Dagur"]
[Black "Malakhatko, Vadim"]
[Result "1/2-1/2"]
[WhiteElo "2396"]
[BlackElo "2570"]
[PlyCount "31"]
[GameId "2160767910155439"]
[EventDate "2009.07.18"]
[EventType "swiss"]
[EventRounds "9"]
[EventCountry "CAN"]
[SourceTitle "CBM 131 Extra"]
[Source "ChessBase"]
[SourceDate "2009.09.03"]
[SourceVersion "2"]
[SourceVersionDate "2009.09.16"]
[SourceQuality "1"]

1. e4 e6 2. b3 d5 3. Bb2 Nf6 4. e5 Nfd7 5. f4 c5 6. Qg4 Nc6 7. Nf3 a6 8. Be2 b5 9. O-O Nb6 10. d4 g6 11. Nbd2 b4 12. Kh1 a5 13. Rad1 Qc7 14. dxc5 Nd7 15. Qh3 Nxc5 16. Ng5 1/2-1/2

[Event "Quebec op"]
[Site "Montreal CAN"]
[Date "2009.07.19"]
[Round "2"]
[White "Barbeau, Sylvain"]
[Black "Thorfinnsson, Bjorn"]
[Result "1/2-1/2"]
[WhiteElo "2357"]
[BlackElo "2395"]
[PlyCount "106"]
[GameId "2160767910155440"]
[EventDate "2009.07.18"]
[EventType "swiss"]
[EventRounds "9"]
[EventCountry "CAN"]
[SourceTitle "CBM 131 Extra"]
[Source "ChessBase"]
[SourceDate "2009.09.03"]
[SourceVersion "2"]
[SourceVersionDate "2009.09.16"]
[SourceQuality "1"]

1. e4 e5 2. Nf3 Nc6 3. d4 exd4 4. Nxd4 Bc5 5. Nxc6 Qf6 6. Qf3 bxc6 7. Nc3 d6 8. Qg3 Ne7 9. f4 O-O 10. Na4 Bb6 11. Bd3 Re8 12. Nxb6 axb6 13. O-O Ba6 14. e5 Qe6 15. Bxa6 Rxa6 16. Qd3 Ra5 17. exd6 Rd5 18. Qe3 Qxd6 19. b3 Rd8 20. Re1 Kf8 21. Qf2 Nf5 22. Bb2 Rd2 23. Re2 Rxe2 24. Qxe2 Qxf4 25. Re1 Qd2 26. Be5 Qd7 27. Bc3 Nd6 28. Qe5 f6 29. Qh5 Kg8 30. a4 Qf7 31. Qf3 Qd5 32. Qxd5+ cxd5 33. Re7 Ne8 34. Bb4 h5 35. Kf1 Kh7 36. Be1 Kg6 37. Bb4 c5 38. Be1 Nd6 39. Rc7 Ne4 40. Rc6 Rd6 41. Rc7 Kh7 42. b4 Rd8 43. a5 bxa5 44. bxa5 Ra8 45. Rd7 d4 46. Ke2 Nc3+ 47. Bxc3 dxc3 48. Rd5 Rxa5 49. Rxh5+ Kg6 50. Rh3 Ra3 51. Rg3+ Kf7 52. Kd3 Ra4 53. Kxc3 g5 1/2-1/2

[Event "Quebec op"]
[Site "Montreal CAN"]
[Date "2009.07.19"]
[Round "2"]
[White "Jiang, Louie"]
[Black "Kasparov, Sergey"]
[Result "1/2-1/2"]
[WhiteElo "2250"]
[BlackElo "2487"]
[PlyCount "129"]
[GameId "2160767910155442"]
[EventDate "2009.07.18"]
[EventType "swiss"]
[EventRounds "9"]
[EventCountry "CAN"]
[SourceTitle "CBM 131 Extra"]
[Source "ChessBase"]
[SourceDate "2009.09.03"]
[SourceVersion "2"]
[SourceVersionDate "2009.09.16"]
[SourceQuality "1"]

1. e4 c6 2. d4 d5 3. Nc3 dxe4 4. Nxe4 Bf5 5. Ng3 Bg6 6. h4 h6 7. Nf3 Nd7 8. h5 Bh7 9. Bd3 Bxd3 10. Qxd3 e6 11. Bf4 Bb4+ 12. c3 Be7 13. O-O-O Ngf6 14. Kb1 O-O 15. Ne5 Qa5 16. Ne4 Rad8 17. Nxf6+ Bxf6 18. Nc4 Qa6 19. Bd6 b5 20. Nd2 Rfe8 21. Ne4 Be7 22. Bxe7 Rxe7 23. g4 Qb6 24. g5 hxg5 25. Nxg5 Nf8 26. Ne4 Nh7 27. Qe3 b4 28. c4 Qc7 29. Rdg1 Kh8 30. c5 Rd5 31. Nd6 Qd8 32. f4 Rd7 33. Rh2 Nf6 34. f5 exf5 35. Qg5 Ng4 36. Qxd8+ Rxd8 37. Nxf7+ Kh7 38. Nxd8 Nxh2 39. Nxc6 f4 40. Rh1 Nf3 41. Rc1 Nxd4 42. Nxb4 Rd8 43. c6 f3 44. c7 Rc8 45. Nd5 Ne6 46. Rf1 Nxc7 47. Nxc7 Rxc7 48. Rxf3 Rc5 49. Ra3 a5 50. Rh3 Kh6 51. a4 Rxh5 52. Rxh5+ Kxh5 53. b4 g5 54. bxa5 g4 55. a6 g3 56. a7 g2 57. a8=Q g1=Q+ 58. Kb2 Qd4+ 59. Kb3 Qd3+ 60. Kb4 Qd4+ 61. Kb5 Qd3+ 62. Kc5 Qc3+ 63. Kd6 Qf6+ 64. Kc5 Qc3+ 65. Kd6 1/2-1/2

[Event "Quebec op"]
[Site "Montreal CAN"]
[Date "2009.07.19"]
[Round "2"]
[White "Mitkov, Nikola"]
[Black "Gunnarsson, Jon Viktor"]
[Result "1-0"]
[WhiteElo "2526"]
[BlackElo "2462"]
[PlyCount "75"]
[GameId "2160767910155446"]
[EventDate "2009.07.18"]
[EventType "swiss"]
[EventRounds "9"]
[EventCountry "CAN"]
[SourceTitle "CBM 131 Extra"]
[Source "ChessBase"]
[SourceDate "2009.09.03"]
[SourceVersion "2"]
[SourceVersionDate "2009.09.16"]
[SourceQuality "1"]

1. e4 c5 2. Nc3 a6 3. f4 b5 4. Nf3 Bb7 5. d4 e6 6. Bd3 cxd4 7. Nxd4 Bc5 8. Nb3 Ba7 9. Qe2 d6 10. Be3 Bxe3 11. Qxe3 Nf6 12. e5 dxe5 13. fxe5 Ng4 14. Qg3 Qg5 15. Nc5 Bc6 16. Be2 h5 17. Bxg4 Qxg4 18. Qxg4 hxg4 19. O-O Rh5 20. Rae1 Ke7 21. Rf4 Rg5 22. Ref1 Be8 23. Nd3 Nc6 24. Ne4 Rf5 25. Rxf5 exf5 26. Rxf5 Nd4 27. Rf2 a5 28. Nd6 Ne6 29. Nf4 Nxf4 30. Rxf4 Ke6 31. Rxg4 Bc6 32. c4 bxc4 33. Nxc4 g6 34. Rd4 Rc8 35. Rd6+ Ke7 36. Nxa5 Be4 37. Nb3 Ra8 38. a3 1-0

[Event "Quebec op"]
[Site "Montreal CAN"]
[Date "2009.07.19"]
[Round "2"]
[White "Ye, Ling Feng"]
[Black "Jancovic, Alojzije"]
[Result "0-1"]
[WhiteElo "2179"]
[BlackElo "2549"]
[PlyCount "76"]
[GameId "2160767910155448"]
[EventDate "2009.07.18"]
[EventType "swiss"]
[EventRounds "9"]
[EventCountry "CAN"]

1. e4 c5 2. Nf3 Nc6 3. d4 cxd4 4. Nxd4 Nf6 5. Nc3 d6 6. g3 g6 7. Nde2 Bg7 8. Bg2 Rb8 9. a4 a6 10. O-O b5 11. axb5 axb5 12. Nd5 Nd7 13. Ra2 e6 14. Ndf4 Qc7 15. Nd3 O-O 16. Be3 Bb7 17. Qd2 Nde5 18. Nxe5 Nxe5 19. Bd4 Rfd8 20. Nc3 b4 21. Na4 Ba6 22. Rfa1 Nc4 23. Qd1 Bxd4 24. Qxd4 e5 25. Qd1 Bb5 26. Qc1 Qc6 27. b3 Na3 28. c3 Rdc8 29. Qb2 Bd3 30. cxb4 Nb5 31. Re1 Nd4 32. Qd2 Bb5 33. Qb2 Ra8 34. Nc3 Rxa2 35. Nxa2 Qc2 36. Rb1 Bd3 37. Qxc2 Rxc2 38. Nc1 Rxc1+ 0-1

[Event "Quebec op"]
[Site "Montreal CAN"]
[Date "2009.07.19"]
[Round "2"]
[White "Zherebukh, Yaroslav"]
[Black "Sambuev, Bator"]
[Result "0-1"]
[WhiteElo "2541"]
[BlackElo "2491"]
[PlyCount "90"]
[GameId "2160767910155450"]
[EventDate "2009.07.18"]
[EventType "swiss"]
[EventRounds "9"]
[EventCountry "CAN"]
[SourceTitle "CBM 131 Extra"]
[Source "ChessBase"]
[SourceDate "2009.09.03"]
[SourceVersion "2"]
[SourceVersionDate "2009.09.16"]
[SourceQuality "1"]

1. d4 Nf6 2. c4 g6 3. Nc3 Bg7 4. e4 O-O 5. f3 d6 6. Bg5 c5 7. d5 h6 8. Be3 e6 9. Qd2 exd5 10. cxd5 a6 11. Nge2 b5 12. Nc1 b4 13. Nd1 Nh7 14. Be2 f5 15. exf5 Bxf5 16. O-O g5 17. a3 bxa3 18. Rxa3 Nd7 19. b4 cxb4 20. Qxb4 Nc5 21. Qd2 Re8 22. Bc4 Rc8 23. Ne2 Qf6 24. Bf2 Nd7 25. Re3 Ne5 26. Bb3 Rf8 27. Rxe5 Qxe5 28. Re1 Rfe8 29. Nd4 Qxe1+ 30. Bxe1 Bxd4+ 31. Bf2 Bg7 32. Ne3 Bg6 33. Nc4 Rb8 34. Ba2 g4 35. f4 Rec8 36. Bd4 Nf6 37. Qe1 Rxc4 38. Bxf6 Re8 39. Qa1 Rce4 40. Bc3 Re3 41. Be5 dxe5 42. d6+ Kh7 43. f5 Bxf5 44. Bc4 e4 45. Qd1 Rd3 0-1

[Event "Quebec op"]
[Site "Montreal CAN"]
[Date "2009.07.19"]
[Round "3"]
[White "Arngrimsson, Dagur"]
[Black "Mitkov, Nikola"]
[Result "1/2-1/2"]
[WhiteElo "2396"]
[BlackElo "2526"]
[PlyCount "68"]
[GameId "2160767910155451"]
[EventDate "2009.07.18"]
[EventType "swiss"]
[EventRounds "9"]
[EventCountry "CAN"]
[SourceTitle "CBM 131 Extra"]
[Source "ChessBase"]
[SourceDate "2009.09.03"]
[SourceVersion "2"]
[SourceVersionDate "2009.09.16"]
[SourceQuality "1"]

1. e4 e5 2. Nf3 Nc6 3. Nc3 Nf6 4. Bb5 Bd6 5. a3 O-O 6. g4 Nd4 7. d3 Bc5 8. g5 Ne8 9. Nxd4 exd4 10. Ne2 d5 11. Bxe8 Rxe8 12. Ng3 f5 13. gxf6 Qxf6 14. Qh5 Qf7 15. Qxf7+ Kxf7 16. f3 dxe4 17. fxe4 Bh3 18. Bf4 Re7 19. O-O-O Rf8 20. Rhg1 Ke8 21. Ne2 Bb6 22. Rg3 Bd7 23. Rdg1 g6 24. Kd2 a5 25. h4 a4 26. Bh6 Rf2 27. h5 Re6 28. hxg6 Rxg6 29. Rxg6 hxg6 30. Rxg6 Bh3 31. Ke1 Rf1+ 32. Kd2 Rf2 33. Ke1 Rf1+ 34. Kd2 Rf2 1/2-1/2

[Event "Quebec op"]
[Site "Montreal CAN"]
[Date "2009.07.19"]
[Round "3"]
[White "Castellanos Rodriguez, Renier"]
[Black "Zherebukh, Yaroslav"]
[Result "0-1"]
[WhiteElo "2453"]
[BlackElo "2541"]
[PlyCount "62"]
[GameId "2160767910155452"]
[EventDate "2009.07.18"]
[EventType "swiss"]
[EventRounds "9"]
[EventCountry "CAN"]
[SourceTitle "CBM 131 Extra"]
[Source "ChessBase"]
[SourceDate "2009.09.03"]
[SourceVersion "2"]
[SourceVersionDate "2009.09.16"]
[SourceQuality "1"]

1. e4 c5 2. Nf3 d6 3. d4 cxd4 4. Nxd4 Nf6 5. Nc3 a6 6. Bg5 e6 7. f4 Be7 8. Qf3 Nbd7 9. Bc4 h6 10. Bxf6 Bxf6 11. O-O-O O-O 12. g4 Qb6 13. Nde2 Bh4 14. Bb3 Nc5 15. Kb1 Bd7 16. Qh3 Be7 17. g5 hxg5 18. fxg5 Nxb3 19. axb3 Qc5 20. Rhg1 Bxg5 21. Qh5 Be3 22. Nd5 exd5 23. b4 Qc4 24. Rxg7+ Kxg7 25. Rg1+ Kf6 26. Nc3 Bxg1 27. Qh4+ Kg6 28. Qg3+ Kh5 29. Qxd6 Qf1+ 30. Ka2 Qh3 31. Ne2 Bxh2 0-1

[Event "Quebec op"]
[Site "Montreal CAN"]
[Date "2009.07.19"]
[Round "3"]
[White "Gunnarsson, Jon Viktor"]
[Black "Barbeau, Sylvain"]
[Result "1-0"]
[WhiteElo "2462"]
[BlackElo "2357"]
[PlyCount "121"]
[GameId "2160767910155454"]
[EventDate "2009.07.18"]
[EventType "swiss"]
[EventRounds "9"]
[EventCountry "CAN"]
[SourceTitle "CBM 131 Extra"]
[Source "ChessBase"]
[SourceDate "2009.09.03"]
[SourceVersion "2"]
[SourceVersionDate "2009.09.16"]
[SourceQuality "1"]

1. e4 e5 2. Nf3 Nc6 3. Bc4 Nf6 4. d3 h6 5. O-O d6 6. c3 g6 7. a4 Bg7 8. a5 a6 9. Qb3 Qe7 10. Re1 O-O 11. Nbd2 Nh7 12. Nf1 Nd8 13. Ne3 c6 14. d4 Ne6 15. dxe5 dxe5 16. Qa3 Qxa3 17. Rxa3 Nc5 18. Nf1 Be6 19. Bxe6 Nxe6 20. N1d2 Rad8 21. Nc4 f6 22. Be3 Rf7 23. Raa1 Bf8 24. Nfd2 h5 25. Nb3 Rd3 26. Nb6 Rc7 27. Kf1 Be7 28. Ke2 Rd8 29. Rad1 Rxd1 30. Rxd1 Nhf8 31. g3 g5 32. Nd2 Bc5 33. Ndc4 Bxe3 34. Nxe3 Kf7 35. Nf5 g4 36. Ke3 Kg6 37. h3 gxh3 38. Rh1 Ng7 39. Nd6 Re7 40. Rxh3 Nfe6 41. Nbc4 Ng5 42. Rh1 Nf7 43. f4 Nxd6 44. Nxd6 Rd7 45. Nc4 Re7 46. Kf3 exf4 47. gxf4 Rd7 48. f5+ Kf7 49. Ke3 Rd8 50. Kf4 Ke7 51. Rg1 Ne8 52. Rg8 Rd1 53. Rh8 Ng7 54. Rb8 Rd7 55. e5 fxe5+ 56. Nxe5 Rc7 57. Rh8 Kd6 58. f6 Kc5 59. f7 Ne6+ 60. Ke3 Kb5 61. Re8 1-0

[Event "Quebec op"]
[Site "Montreal CAN"]
[Date "2009.07.19"]
[Round "3"]
[White "Malakhatko, Vadim"]
[Black "Kasparov, Sergey"]
[Result "1/2-1/2"]
[WhiteElo "2570"]
[BlackElo "2487"]
[PlyCount "55"]
[GameId "2160767910155459"]
[EventDate "2009.07.18"]
[EventType "swiss"]
[EventRounds "9"]
[EventCountry "CAN"]
[SourceTitle "CBM 131 Extra"]
[Source "ChessBase"]
[SourceDate "2009.09.03"]
[SourceVersion "2"]
[SourceVersionDate "2009.09.16"]
[SourceQuality "1"]

1. d4 d5 2. c4 c6 3. Nc3 Nf6 4. e3 a6 5. Qc2 b5 6. b3 Bg4 7. Nge2 Bh5 8. Nf4 Bg6 9. Nxg6 hxg6 10. Be2 Nbd7 11. Bb2 e6 12. a3 Bd6 13. h3 bxc4 14. bxc4 O-O 15. O-O dxc4 16. Na4 c5 17. dxc5 Nxc5 18. Rfd1 Nd3 19. Bxd3 cxd3 20. Rxd3 Qc7 21. Rc3 Qe7 22. Rc6 Rfd8 23. Nb6 Rab8 24. Nc8 Qd7 25. Rxd6 Rdxc8 26. Qd1 Qb5 27. Bxf6 gxf6 28. Rd4 1/2-1/2

[Event "Quebec op"]
[Site "Montreal CAN"]
[Date "2009.07.19"]
[Round "3"]
[White "Sambuev, Bator"]
[Black "Malaniuk, Vladimir P"]
[Result "1-0"]
[WhiteElo "2491"]
[BlackElo "2563"]
[PlyCount "71"]
[GameId "2160767910155460"]
[EventDate "2009.07.18"]
[EventType "swiss"]
[EventRounds "9"]
[EventCountry "CAN"]
[SourceTitle "CBM 131 Extra"]
[Source "ChessBase"]
[SourceDate "2009.09.03"]
[SourceVersion "2"]
[SourceVersionDate "2009.09.16"]
[SourceQuality "1"]

1. Nf3 f5 2. d4 g6 3. h4 Nf6 4. h5 Nxh5 5. e4 fxe4 6. Rxh5 exf3 7. Qxf3 d6 8. Rh1 c6 9. Bc4 Qa5+ 10. Nc3 Qf5 11. Qe2 d5 12. Bd3 Qf6 13. Be3 Bf5 14. Bxf5 Qxf5 15. g4 Qf7 16. O-O-O Nd7 17. Rh3 O-O-O 18. Bg5 Bg7 19. Rf3 Bf6 20. Bf4 g5 21. Bg3 a6 22. a4 h5 23. a5 hxg4 24. Re3 Rh3 25. Qxg4 Rxg3 26. fxg3 Kc7 27. Rde1 Rh8 28. Na4 Qg7 29. Rb3 Rd8 30. Nb6 Nxb6 31. axb6+ Kb8 32. Rd3 c5 33. dxc5 Bxb2+ 34. Kb1 Bc3 35. Red1 Rc8 36. Rxd5 1-0

[Event "Quebec op"]
[Site "Montreal CAN"]
[Date "2009.07.19"]
[Round "3"]
[White "Thorfinnsson, Bjorn"]
[Black "Gagunashvili, Merab"]
[Result "0-1"]
[WhiteElo "2395"]
[BlackElo "2574"]
[PlyCount "70"]
[GameId "2160767910155461"]
[EventDate "2009.07.18"]
[EventType "swiss"]
[EventRounds "9"]
[EventCountry "CAN"]
[SourceTitle "CBM 131 Extra"]
[Source "ChessBase"]
[SourceDate "2009.09.03"]
[SourceVersion "2"]
[SourceVersionDate "2009.09.16"]
[SourceQuality "1"]

1. d4 d6 2. c4 g6 3. Nc3 Bg7 4. Nf3 Bg4 5. e3 Nf6 6. b3 e5 7. dxe5 Nfd7 8. Bb2 dxe5 9. h3 Bf5 10. g4 Be6 11. Ne4 h6 12. Bg2 O-O 13. Ng3 Nc6 14. O-O Qe7 15. Qe2 a5 16. a3 Nc5 17. Nd2 Rfd8 18. Bc3 Rd3 19. Nge4 Rad8 20. Nxc5 Qxc5 21. Bd5 Bxd5 22. Qxd3 Bg2 23. Qc2 Bxh3 24. Ne4 Qe7 25. Rfd1 Bxg4 26. Rxd8+ Nxd8 27. Ng3 Bf3 28. e4 Ne6 29. Qd3 Qf6 30. Ra2 Ng5 31. Rd2 Qf4 32. Qd7 Kh7 33. Qe8 h5 34. Rd3 h4 35. Bd2 hxg3 0-1

[Event "Quebec op"]
[Site "Montreal CAN"]
[Date "2009.07.20"]
[Round "4"]
[White "Barbeau, Sylvain"]
[Black "Jiang, Louie"]
[Result "1/2-1/2"]
[WhiteElo "2357"]
[BlackElo "2250"]
[PlyCount "87"]
[GameId "2160767910155463"]
[EventDate "2009.07.18"]
[EventType "swiss"]
[EventRounds "9"]
[EventCountry "CAN"]
[SourceTitle "CBM 131 Extra"]
[Source "ChessBase"]
[SourceDate "2009.09.03"]
[SourceVersion "2"]
[SourceVersionDate "2009.09.16"]
[SourceQuality "1"]

1. e4 c5 2. Nc3 g6 3. f4 Bg7 4. Nf3 Nc6 5. g3 d6 6. Bg2 e6 7. d3 Nge7 8. O-O O-O 9. Be3 Nd4 10. e5 Nef5 11. Bf2 Nxf3+ 12. Qxf3 Nd4 13. Qd1 dxe5 14. fxe5 Bxe5 15. Ne4 Qc7 16. c3 Nf5 17. Bxc5 Rd8 18. Qf3 b6 19. Bf2 Ba6 20. Rad1 h5 21. Rfe1 Rab8 22. d4 Bg7 23. h3 Qe7 24. d5 e5 25. b3 Nd6 26. g4 hxg4 27. hxg4 Rf8 28. Nxd6 Qxd6 29. g5 Rbe8 30. c4 f5 31. gxf6 Rxf6 32. Qg3 Bh6 33. Be3 Bxe3+ 34. Qxe3 Kg7 35. Rf1 Rxf1+ 36. Rxf1 Bc8 37. Be4 Rh8 38. Rf2 Rh4 39. Rg2 Rg4 40. Rxg4 Bxg4 41. Qg5 Bh5 42. Kg2 a5 43. Kg3 Kf7 44. Qd2 1/2-1/2

[Event "Quebec op"]
[Site "Montreal CAN"]
[Date "2009.07.20"]
[Round "4"]
[White "Castellanos Rodriguez, Renier"]
[Black "Thorfinnsson, Bjorn"]
[Result "1-0"]
[WhiteElo "2453"]
[BlackElo "2395"]
[PlyCount "85"]
[GameId "2160767910155464"]
[EventDate "2009.07.18"]
[EventType "swiss"]
[EventRounds "9"]
[EventCountry "CAN"]
[SourceTitle "CBM 131 Extra"]
[Source "ChessBase"]
[SourceDate "2009.09.03"]
[SourceVersion "2"]
[SourceVersionDate "2009.09.16"]
[SourceQuality "1"]

1. e4 e5 2. Nf3 Nc6 3. Bb5 a6 4. Ba4 Nf6 5. O-O Be7 6. Re1 b5 7. Bb3 d6 8. c3 O-O 9. d4 Bg4 10. d5 Na5 11. Bc2 c6 12. h3 Bh5 13. dxc6 Qc7 14. Nbd2 Qxc6 15. Nf1 Rad8 16. Ng3 Bg6 17. a4 Nc4 18. b3 Nb6 19. axb5 axb5 20. Bd2 Nfd7 21. Qe2 Na8 22. Bd3 Nc7 23. c4 bxc4 24. Bxc4 Ra8 25. Ba5 Ra7 26. Rac1 Nc5 27. b4 N7e6 28. Qd2 Qa8 29. Bb6 Nxe4 30. Nxe4 Bxe4 31. Rxe4 Qxe4 32. Bxa7 Nf4 33. Be3 Nxh3+ 34. Kf1 Qf5 35. Be2 h6 36. gxh3 Qxh3+ 37. Kg1 f5 38. Qd5+ Kh8 39. Qe6 Rf6 40. Qxe7 Rg6+ 41. Bg5 hxg5 42. Rc8+ Kh7 43. Nxg5+ 1-0

[Event "Quebec op"]
[Site "Montreal CAN"]
[Date "2009.07.20"]
[Round "4"]
[White "Georgiev, Vladimir"]
[Black "Sambuev, Bator"]
[Result "1/2-1/2"]
[WhiteElo "2530"]
[BlackElo "2491"]
[PlyCount "49"]
[GameId "2160767910155466"]
[EventDate "2009.07.18"]
[EventType "swiss"]
[EventRounds "9"]
[EventCountry "CAN"]
[SourceTitle "CBM 131 Extra"]
[Source "ChessBase"]
[SourceDate "2009.09.03"]
[SourceVersion "2"]
[SourceVersionDate "2009.09.16"]
[SourceQuality "1"]

1. d4 Nf6 2. c4 g6 3. Nc3 Bg7 4. e4 O-O 5. Bd3 d6 6. Nge2 Nbd7 7. Bc2 a6 8. O-O c5 9. d5 b5 10. cxb5 Ne8 11. a4 Nc7 12. Rb1 axb5 13. axb5 Rb8 14. Bd3 Ne5 15. b4 c4 16. Bc2 Bg4 17. h3 Bxe2 18. Qxe2 Nxb5 19. Nxb5 Rxb5 20. f4 Nd3 21. Bxd3 cxd3 22. Qxd3 Qb6+ 23. Be3 Qb7 24. Bd4 Rb8 25. Bxg7 1/2-1/2

[Event "Quebec op"]
[Site "Montreal CAN"]
[Date "2009.07.20"]
[Round "4"]
[White "Kasparov, Sergey"]
[Black "Gunnarsson, Jon Viktor"]
[Result "1/2-1/2"]
[WhiteElo "2487"]
[BlackElo "2462"]
[PlyCount "99"]
[GameId "2160767910155467"]
[EventDate "2009.07.18"]
[EventType "swiss"]
[EventRounds "9"]
[EventCountry "CAN"]
[SourceTitle "CBM 131 Extra"]
[Source "ChessBase"]
[SourceDate "2009.09.03"]
[SourceVersion "2"]
[SourceVersionDate "2009.09.16"]
[SourceQuality "1"]

1. e4 c5 2. Nf3 d6 3. d4 cxd4 4. Nxd4 Nf6 5. f3 e5 6. Nb3 Be6 7. c4 a5 8. Be3 a4 9. N3d2 Qa5 10. Na3 Be7 11. Be2 O-O 12. O-O Bd8 13. Kh1 Bb6 14. b4 axb3 15. Nxb3 Qxa3 16. Bxb6 Nbd7 17. Bf2 Rfc8 18. Nd2 Qb2 19. a4 Nc5 20. a5 Qb4 21. Be1 Qc3 22. Ra2 Rc6 23. Nb1 Qb3 24. Rc2 b6 25. axb6 Ra1 26. Rc1 Rxb6 27. Bf2 Nfd7 28. Qxb3 Nxb3 29. Rcd1 Nd4 30. Nc3 Rxd1 31. Rxd1 Rb2 32. Re1 Nc5 33. Kg1 Rc2 34. Bxd4 exd4 35. Nb5 d3 36. Ra1 g5 37. Bd1 Rxc4 38. Nxd6 Rb4 39. Ra5 Rb1 40. Rxc5 Rxd1+ 41. Kf2 Rd2+ 42. Ke3 Rxg2 43. Kxd3 Kg7 44. h4 gxh4 45. Rh5 h3 46. Nf5+ Bxf5 47. exf5 h2 48. Ke4 h6 49. Kf4 f6 50. Rh3 1/2-1/2

[Event "Quebec op"]
[Site "Montreal CAN"]
[Date "2009.07.20"]
[Round "4"]
[White "Mitkov, Nikola"]
[Black "Jancovic, Alojzije"]
[Result "0-1"]
[WhiteElo "2526"]
[BlackElo "2549"]
[PlyCount "98"]
[GameId "2160767910155469"]
[EventDate "2009.07.18"]
[EventType "swiss"]
[EventRounds "9"]
[EventCountry "CAN"]

1. d4 Nf6 2. Bf4 g6 3. e3 d6 4. h3 Bg7 5. Nf3 O-O 6. Be2 Nbd7 7. O-O b6 8. Nbd2 Bb7 9. a4 a6 10. c3 c5 11. Re1 Qc7 12. Bh2 Ne4 13. Nxe4 Bxe4 14. Nd2 Bc6 15. Bf1 Rfc8 16. b4 cxb4 17. cxb4 b5 18. Rc1 Qb6 19. a5 Qb7 20. Qb3 Nf6 21. Qb2 Bd5 22. f3 Bh6 23. Kf2 Rxc1 24. Rxc1 Rc8 25. Bd3 Be6 26. Rxc8+ Qxc8 27. e4 Nh5 28. Bf1 Nf4 29. Bg1 d5 30. Ke1 dxe4 31. fxe4 f5 32. exf5 Bxf5 33. Kd1 Nd5 34. Nf3 Qc3 35. Qxc3 Nxc3+ 36. Ke1 Nd5 37. Ne5 Nxb4 38. Be2 Be4 39. Kf1 Bg7 40. Nd7 Nd3 41. Bg4 Kf7 42. Nb8 b4 43. Bd1 Bd5 44. Nxa6 b3 45. Nc7 b2 46. Bc2 Bc4 47. Ke2 Bh6 48. Bb1 Nb4+ 49. Kd1 Bb3+ 0-1